short cases in clinical medicine (Record no. 2273)

000 -LEADER
fixed length control field 00491nam a22001937a 4500
005 - DATE AND TIME OF LATEST TRANSACTION
control field 20241223121234.0
008 - FIXED-LENGTH DATA ELEMENTS--GENERAL INFORMATION
fixed length control field 241223b2013 ||||| |||| 00| 0 eng d
020 ## - INTERNATIONAL STANDARD BOOK NUMBER
International Standard Book Number 9788131234686
040 ## - CATALOGING SOURCE
Original cataloging agency DCL
Transcribing agency KWIU
041 ## - LANGUAGE CODE
Language code of text/sound track or separate title eng
080 ## - UNIVERSAL DECIMAL CLASSIFICATION NUMBER
Universal Decimal Classification number 61
Edition identifier 5th edition
Item number A-12
100 ## - MAIN ENTRY--PERSONAL NAME
9 (RLIN) 1446
Personal name abdullah, ABM
245 ## - TITLE STATEMENT
Title short cases in clinical medicine
250 ## - EDITION STATEMENT
Edition statement 5th edition
260 ## - PUBLICATION, DISTRIBUTION, ETC.
Name of publisher, distributor, etc. elsevier
Date of publication, distribution, etc. 2013
300 ## - PHYSICAL DESCRIPTION
Extent 633 p.
650 #0 - SUBJECT ADDED ENTRY--TOPICAL TERM
9 (RLIN) 88
Topical term or geographic name entry element Clinical Medicine
942 ## - ADDED ENTRY ELEMENTS (KOHA)
Source of classification or shelving scheme
Koha item type Books
Edition 5th edition
Holdings
Withdrawn status Lost status Source of classification or shelving scheme Damaged status Not for loan Permanent location Current location Date acquired Inventory number Total Checkouts Full call number Barcode Date last seen Price effective from Koha item type
          Ken Walker International University Ken Walker International University 12/23/2024 2616   61 A-12 2616 12/23/2024 12/23/2024 Books

Powered by Koha